<?xml version="1.0" encoding="UTF-8"?>
<record
    xmlns:xsi="http://www.w3.org/2001/XMLSchema-instance"
    xsi:schemaLocation="http://www.loc.gov/MARC21/slim http://www.loc.gov/standards/marcxml/schema/MARC21slim.xsd"
    xmlns="http://www.loc.gov/MARC21/slim">

  <leader>02551nam a2200337 a 4500</leader>
  <controlfield tag="003">CHAP</controlfield>
  <controlfield tag="005">20230412130819.0</controlfield>
  <controlfield tag="007">ta</controlfield>
  <controlfield tag="008">230412s2010    pe ado|fr|||| 001 0 spa d</controlfield>
  <datafield tag="020" ind1=" " ind2=" ">
    <subfield code="a">978-612-4034-55-8</subfield>
  </datafield>
  <datafield tag="040" ind1=" " ind2=" ">
    <subfield code="a">mxchpua</subfield>
    <subfield code="c">CHAP</subfield>
    <subfield code="e">rda</subfield>
  </datafield>
  <datafield tag="050" ind1="1" ind2="0">
    <subfield code="a">TA340 </subfield>
    <subfield code="b">.Q49 2010</subfield>
  </datafield>
  <datafield tag="082" ind1="0" ind2="0">
    <subfield code="a">519.5</subfield>
    <subfield code="b">Q49 2010</subfield>
    <subfield code="2">20</subfield>
  </datafield>
  <datafield tag="100" ind1="1" ind2=" ">
    <subfield code="9">186672</subfield>
    <subfield code="a">Quezada Lucio, Nel</subfield>
    <subfield code="e">autor</subfield>
  </datafield>
  <datafield tag="245" ind1="1" ind2="0">
    <subfield code="a">Estad&#xED;sticas para ingenieros /</subfield>
    <subfield code="c">Nel Quezada Lucio</subfield>
  </datafield>
  <datafield tag="250" ind1=" " ind2=" ">
    <subfield code="a">1a edici&#xF3;n</subfield>
  </datafield>
  <datafield tag="264" ind1=" " ind2=" ">
    <subfield code="a">Lima, Per&#xFA; :</subfield>
    <subfield code="b">Macro,</subfield>
    <subfield code="c">2010</subfield>
  </datafield>
  <datafield tag="300" ind1=" " ind2=" ">
    <subfield code="a">310 p&#xE1;ginas :</subfield>
    <subfield code="b">ilustraciones, gr&#xE1;ficas, tablas</subfield>
  </datafield>
  <datafield tag="336" ind1=" " ind2=" ">
    <subfield code="2">rdacontent</subfield>
    <subfield code="a">texto</subfield>
    <subfield code="b">txt</subfield>
  </datafield>
  <datafield tag="337" ind1=" " ind2=" ">
    <subfield code="2">rdamedia</subfield>
    <subfield code="a">sin medio</subfield>
    <subfield code="b">n</subfield>
  </datafield>
  <datafield tag="338" ind1=" " ind2=" ">
    <subfield code="2">rdacarrier</subfield>
    <subfield code="a">volumen</subfield>
    <subfield code="b">nc</subfield>
  </datafield>
  <datafield tag="505" ind1="0" ind2=" ">
    <subfield code="a">1. Etapas de una investigaci&#xF3;n --
2. Estad&#xED;stica descriptiva --
3. Gr&#xE1;ficos descriptivos --
4. Distribuciones bidimensionales --
5. Coeficiente de correlaci&#xF3;n lineal --
6. Regresi&#xF3;n lineal simple --
7. N&#xFA;meros &#xED;ndices --
8. An&#xE1;lisis combinatorio --
9. Probabilidades --
10. Variables aleatorias discretas --
11. Distribuciones de probabilidad --
12. Inferencia estad&#xED;stica</subfield>
  </datafield>
  <datafield tag="520" ind1="2" ind2=" ">
    <subfield code="a">Este libro expone los lineamientos generales de la estad&#xED;stica aplicados al campo de la ingenier&#xED;a. En esta obra, el lector encontrar&#xE1; las herramientas te&#xF3;ricas indispensables para manejar con eficiencia la informaci&#xF3;n requerida para un adecuado trabajo de investigaci&#xF3;n, el desarrollo de proyectos especializados y la toma de decisiones. En esta publicaci&#xF3;n se tratan temas como las nociones preliminares de la estad&#xED;stica descriptiva, los gr&#xE1;ficos descriptivos, las distribuciones bidimensionales, la correlaci&#xF3;n y regresi&#xF3;n lineal, el an&#xE1;lisis combinatorio, las probabilidades, las variables aleatorias, las distribuciones de probabilidad, la inferencia estad&#xED;stica, entre otros. Asimismo, se presenta una metodolog&#xED;a pr&#xE1;ctica basada en ejercicios desarrollados y propuestos, los cuales potenciar&#xE1;n el aprendizaje de los conocimientos adquiridos. La presente obra est&#xE1; dirigida a estudiantes y profesionales de todas las carreras de ingenier&#xED;a, as&#xED; como a todos aquellos relacionados con el campo de la estad&#xED;stica que necesiten de un texto compendioso y pr&#xE1;ctico, imprescindible para una lectura y praxis general de la estad&#xED;stica.</subfield>
  </datafield>
  <datafield tag="650" ind1="1" ind2="7">
    <subfield code="9">58191</subfield>
    <subfield code="a">Ingenier&#xED;a</subfield>
    <subfield code="x">M&#xE9;todos estad&#xED;sticos</subfield>
  </datafield>
  <datafield tag="650" ind1="1" ind2="7">
    <subfield code="9">38241</subfield>
    <subfield code="a">Estad&#xED;stica</subfield>
  </datafield>
  <datafield tag="650" ind1="1" ind2="7">
    <subfield code="9">91685</subfield>
    <subfield code="a">Probabilidad</subfield>
  </datafield>
  <datafield tag="650" ind1="1" ind2="3">
    <subfield code="9">147798</subfield>
    <subfield code="a">Engineering</subfield>
    <subfield code="x">Statistical methods</subfield>
  </datafield>
  <datafield tag="650" ind1="1" ind2="3">
    <subfield code="9">144311</subfield>
    <subfield code="a">Statistics</subfield>
  </datafield>
  <datafield tag="650" ind1="1" ind2="3">
    <subfield code="9">158041</subfield>
    <subfield code="a">Probability</subfield>
  </datafield>
  <datafield tag="942" ind1=" " ind2=" ">
    <subfield code="2">ddc</subfield>
    <subfield code="c">Libro</subfield>
  </datafield>
  <datafield tag="999" ind1=" " ind2=" ">
    <subfield code="c">218599</subfield>
    <subfield code="d">218599</subfield>
  </datafield>
  <datafield tag="952" ind1=" " ind2=" ">
    <subfield code="0">0</subfield>
    <subfield code="1">0</subfield>
    <subfield code="2">ddc</subfield>
    <subfield code="4">0</subfield>
    <subfield code="5">1</subfield>
    <subfield code="7">0</subfield>
    <subfield code="8">GRAL</subfield>
    <subfield code="a">IA_</subfield>
    <subfield code="b">IA_</subfield>
    <subfield code="d">2021-12-09</subfield>
    <subfield code="e">Compra Librer&#xED;a UACh F. 39645</subfield>
    <subfield code="i">Consumo</subfield>
    <subfield code="l">0</subfield>
    <subfield code="o">519.5 Q49 2010</subfield>
    <subfield code="p">1102014624</subfield>
    <subfield code="r">2023-04-12 00:00:00</subfield>
    <subfield code="t">Ej. 1</subfield>
    <subfield code="w">2023-04-12</subfield>
    <subfield code="y">LIBRO</subfield>
  </datafield>
  <datafield tag="952" ind1=" " ind2=" ">
    <subfield code="0">0</subfield>
    <subfield code="1">0</subfield>
    <subfield code="2">ddc</subfield>
    <subfield code="4">0</subfield>
    <subfield code="5">5</subfield>
    <subfield code="7">0</subfield>
    <subfield code="8">GRAL</subfield>
    <subfield code="a">IA_</subfield>
    <subfield code="b">IA_</subfield>
    <subfield code="d">2021-12-09</subfield>
    <subfield code="e">Compra Librer&#xED;a UACh F. 39645</subfield>
    <subfield code="i">Consumo</subfield>
    <subfield code="l">11</subfield>
    <subfield code="m">10</subfield>
    <subfield code="o">519.5 Q49 2010</subfield>
    <subfield code="p">1102014625</subfield>
    <subfield code="r">2025-05-15 18:30:36</subfield>
    <subfield code="s">2025-05-15</subfield>
    <subfield code="t">Ej. 2</subfield>
    <subfield code="w">2023-04-12</subfield>
    <subfield code="y">LIBRO</subfield>
  </datafield>
</record>
